000 00905cam a22002414a 4500
005 20250605164251.0
008 250528s ||||||||||||||||||||||||d
035 _a21758
020 _a9783540326519
040 _aGR-AtMCL
_bgre
_dGR-AtMCL
_eAACR2
245 1 _aDISTRIBUTED EVENT-BASED SYSTEMS
250 _a1
260 _bSpringer,
_c2006
300 _a384
505 0 _aCONTENT-BASED MODELS AND MATCHING DISTRIBUTED NOTIFICCATION ROUTING ENGINEERING OF EVENT-BASED SYSTEMS SCOPING COMPOSITE EVENTS ADVANCED TPICS EXISTING NOTIFICATION SERVICES
520 _aCONTENT-BASED MODELS AND MATCHING DISTRIBUTED NOTIFICCATION ROUTING ENGINEERING OF EVENT-BASED SYSTEMS SCOPING COMPOSITE EVENTS ADVANCED TPICS EXISTING NOTIFICATION SERVICES
700 1 _aFiege Ludger
_97683
700 1 _aMuhl Gero
_97684
700 1 _aPietzuch Peter R
_97685
942 _cBK
999 _c6817
_d6817